| 000 | 00389nam a2200145Ia 4500 | ||
|---|---|---|---|
| 008 | 230312s9999||||xx |||||||||||||| ||und|| | ||
| 020 | _a93-325-1908-4 | ||
| 082 |
_a519.02462 _bWAL-P |
||
| 100 | _aWalpole;Ronald.E | ||
| 245 | 0 | _aProbability and Statistics for engineers and Scientists | |
| 260 |
_bPearsons _aIndia _c2017 |
||
| 300 | _a856 | ||
| 650 |
_aEngineering _vAvionics |
||
| 942 | _cBK | ||
| 999 |
_c9369 _d9369 |
||